000 00921cam a2200301 a 4500
001 825590
003 ARRUPE
005 20160323153237.0
008 900404s1987 nyua 000 0 eng d
020 _a0873484428 (pbk.)
035 _a(OCoLC)21522130
035 _a(OCoLC)ocm21522130
035 _a(CStRLIN)NYCG90-B22157
035 _a(NNC)825590
040 _aNNC
_cNNC
043 _ancnq---
090 _aF1528
_b.W45 1987
100 1 _aWeissberg, Arnold.
_923291
245 1 0 _aNicaragua :
_ban introduction to the Sandinista revolution ; the opening years /
_cby Arnold Weissberg.
250 _a3rd ed.
260 _aNew York, N.Y. :
_bPathfinder Press,
_c1982.
300 _a45 p. :
_bill. ;
_c21 cm.
500 _aCover title.
651 0 _aNicaragua
_xHistory
_yRevolution, 1979.
_923292
651 0 _aNicaragua
_xHistory
_yRevolution, 1979
_xCauses.
_923293
942 _2lcc
_cMONOGRAPH
999 _c124465
_d124465